Адыгейские народные песни и легенды (Запись № 10032330)

Подробности
000 -МАРКЕР
контрольное поле 02047nam0a2200385 i 4500
001 - ИДЕНТИФИКАТОР ЗАПИСИ
контрольное поле RU\NLR\BIBL_A\010473562
005 - ИДЕНТИФИКАТОР ВЕРСИИ
контрольное поле 20241114214750.0
010 ## - МЕЖДУНАРОДНЫЙ СТАНДАРТНЫЙ НОМЕР КНИГИ (ISBN)
Номер (ISBN) 9785942151850
Тираж 250
021 ## - НОМЕР ГОСУДАРСТВЕННОЙ РЕГИСТРАЦИИ
Код страны Российская Федерация
Номер 2014-56368
Номер Листа государственной регистраци 3405
035 ## - ДРУГИЕ СИСТЕМНЫЕ НОМЕРА
Идентификатор записи (NLR Aleph) 010473562
100 ## - ДАННЫЕ ОБЩЕЙ ОБРАБОТКИ
Данные общей обработки 20141008d2014 u y0rusy50 ca
101 1# - ЯЗЫК РЕСУРСА
Язык текста, звукозаписи и т.д. русский
Язык оригинала адыгейский
102 ## - СТРАНА ПУБЛИКАЦИИ ИЛИ ПРОИЗВОДСТВА
Страна публикации Российская Федерация
105 ## - ПОЛЕ КОДИРОВАННЫХ ДАННЫХ: ТЕКСТОВЫЕ МАТЕРИАЛЫ, МОНОГРАФИЧЕСКИЕ
Кодированные данные о монографическом текстовом документе ach|z|||001gy
200 1# - ЗАГЛАВИЕ И СВЕДЕНИЯ ОБ ОТВЕТСТВЕННОСТИ
Основное заглавие Адыгейские народные песни и легенды
Первые сведения об ответственности в пер. Олексы Кирия
210 ## - ПУБЛИКАЦИЯ, РАСПРОСТРАНЕНИЕ И ДР.
Место издания, распространения и т.д. Краснодар
Имя издателя, распространителя и т. д. Экоинвест
Дата издания, распространения и т.д. 2014
215 ## - ФИЗИЧЕСКАЯ ХАРАКТЕРИСТИКА
Специфическое обозначение материала и объем 205, [1] с., [2] л. ил., портр., факс.
Другие сведения о физической характеристике ил.
Размеры 21
300 ## - ОБЩИЕ ПРИМЕЧАНИЯ
Текст примечания Изд. на средства Консуэллы Алексеевны Кирий
320 ## - ПРИМЕЧАНИЯ О НАЛИЧИИ В ДОКУМЕНТЕ БИБЛИОГРАФИИ / УКАЗАТЕЛЯ
Текст примечания Библиогр. в подстроч. примеч.
423 #0 - ИЗДАЕТСЯ В ОДНОЙ ОБЛОЖКЕ ВМЕСТЕ С ...
Встроенное поле 2001#$aАдыге$eпоэма$fОлекса Кирий$g[к сб. в целом: сост. и авт. предисл.: В. К. Чумаченко$gред.: М. В. Шаройко]$gЮж. фил. Рос. ин-та культурологии
-- 210##$aКраснодар$d2014
-- 215##$aС.: 67-205, [1] с., [2] л. ил., портр., факс.$cил.
-- 700#1$aКирий$bО.$bО.$f1889-1954$gОлекса$3RU\NLR\AUTH\770193325
Заглавие Адыге
Автор Кирий, Олекса (1889-1954)
606 1# - НАИМЕНОВАНИЕ ТЕМЫ КАК ПРЕДМЕТ
Наименование темы Народные песни адыгейские
Системный номер авторитетной/нормативной записи 1712668
Идентификатор авторитетной/нормативной записи RU\NLR\AUTH\66763467
606 ## - НАИМЕНОВАНИЕ ТЕМЫ КАК ПРЕДМЕТ
Наименование темы Легенды и предания адыгейские
Системный номер авторитетной/нормативной записи 2533404
Идентификатор авторитетной/нормативной записи RU\NLR\AUTH\661500457
686 1# - ИНДЕКСЫ ДРУГИХ КЛАССИФИКАЦИЙ
Индекс Ш3(241=Адыг)-631.0
686 1# - ИНДЕКСЫ ДРУГИХ КЛАССИФИКАЦИЙ
Индекс Ш3(241=Адыг)-615.20
686 2# - ИНДЕКСЫ ДРУГИХ КЛАССИФИКАЦИЙ
Индекс Ш6(2=Ук)77-5
702 #1 - ИМЯ ЛИЦА - ВТОРИЧНАЯ ОТВЕТСТВЕННОСТЬ
Код отношения Составитель
Графика поля Кириллица
Материалы, к которым относится поле rus
Начальный элемент ввода Чумаченко
Часть имени, кроме начального элемента ввода В. К.
Даты 1956-2017
Расширение инициалов личного имени Виктор Кириллович
Системный номер авторитетной/нормативной записи 193306
Идентификатор авторитетной/нормативной записи RU\NLR\AUTH\770193357
702 #1 - ИМЯ ЛИЦА - ВТОРИЧНАЯ ОТВЕТСТВЕННОСТЬ
Начальный элемент ввода Шаройко
Часть имени, кроме начального элемента ввода М. В.
Код отношения Редактор
702 #1 - ИМЯ ЛИЦА - ВТОРИЧНАЯ ОТВЕТСТВЕННОСТЬ
Код отношения Переводчик
Графика поля Кириллица
Материалы, к которым относится поле rus
Начальный элемент ввода Кирий
Часть имени, кроме начального элемента ввода О.
Даты 1889-1954
Расширение инициалов личного имени Олекса
Системный номер авторитетной/нормативной записи 193274
Идентификатор авторитетной/нормативной записи RU\NLR\AUTH\770193325
942 ## - ДОПОЛНИТЕЛЬНЫЕ ЭЛЕМЕНТЫ ЗАПИСИ (АБИС)
Тип экземпляра АБИС Книга
980 ## - КОЛЛЕКЦИЯ
Название коллекции НБР

Нет доступных экземпляров.